01155nam a22001457a 4500008004100000020001500041082001600056100002000072245005800092260003800150300002900188505073300217650003900950700002000989150430b xxu||||| |||| 00| 0 eng d a8420679216 a700bP 195s aPanofsky, Erwin aEl significado en las artes visualescPanofsky, Erwin aEspañabAlianza Editorialc1998 a386 p.bill.c14.5x23 cm tLa historia del arte en cuanto disciplina humanística.tIconografia e iconologia: Introducción al estudio del arte del Renacimiento.tLa historia de la teoría de las proporciones humanas como reflejo de la historia de los estilos.tEl abad Suger de Saint-Denis.tLa "Alegoria de la Prudencia" de Ticiano: Post scriptum.tLa primera pagina del libro de Giorgio Vasari. Apendice: Dos proyectos de fachada de Domenico Beccafumi y el problema del manierismo en la Arquitectura.tAlberto Durero y la Antigüedad clásica. Apendice: Las ilustraciones de las "Inscriptiones" de Apianus en relación con Durero.t"Et in Arcadia ego": Poussin y la tradición elegiaca.tTres decenios de historia del arte en los Estados Unidos. xArtexArte-critica y apreciación aPanofsky, Erwin